Normal view MARC view
  • European Union countries

Entry Geographic Name

Number of records used in: 1

001 - CONTROL NUMBER

  • control field: 151009

003 - CONTROL NUMBER IDENTIFIER

  • control field: TR-AnTOB

005 - DATE AND TIME OF LATEST TRANSACTION

  • control field: 20251128101057.0

008 - FIXED-LENGTH DATA ELEMENTS

  • fixed length control field: 251128n|eazannaab| |n aaa d

035 ## - SYSTEM CONTROL NUMBER

  • System control number: (TR-AnTOB)151009

040 ## - CATALOGING SOURCE

  • Original cataloging agency: TR-AnTOB
  • Transcribing agency: TR-AnTOB

151 ## - HEADING--GEOGRAPHIC NAME

  • Geographic name: European Union countries
  • General subdivision: Foreign relations
  • General subdivision: Treaties

451 ## - SEE FROM TRACING--GEOGRAPHIC NAME

  • Geographic name: Avrupa Birliği ülkeleri
  • General subdivision: Dış ilişkiler
  • General subdivision: Antlaşmalar

451 ## - SEE FROM TRACING--GEOGRAPHIC NAME

  • Geographic name: Avrupa Birliği ülkeleri
  • General subdivision: Dış ilişkiler
  • General subdivision: Andlaşmalar

451 ## - SEE FROM TRACING--GEOGRAPHIC NAME

  • Geographic name: Avrupa Birliği ülkeleri
  • General subdivision: Dış ilişkiler
  • General subdivision: Anlaşmalar

688 ## - APPLICATION HISTORY NOTE

  • Institution to which field applies: TR-AnTOB
  • Application history note: Op 28.11.2025
Devinim Yazılım Eğitim Danışmanlık tarafından Koha'nın orjinal sürümü uyarlanarak geliştirilip kurulmuştur.